000 00489nam a2200181Ia 4500
001 17876
005 20260306171549.0
008 260306s9999||||xx |||||||||||||| ||und||
041 _aESP
082 _a658.3
_bCH523
100 _aChapman, Gary D.
_eAUT
245 0 _aLos 5 lenguajes del aprecio en el trabajo:
_bcómo motivar al personal para mejorar su empresa
260 _c2011
300 _a242 páginas :
_c22 cm.
650 _aGEN
654 _aCAN
942 _cLIB
_dJUS
_fJUS
_2ddc
_n
999 _c17876
_d17876